Statistics for Al Pacino Lines

Click here to take the quiz!

General Stats

  • This quiz has been taken 65 times
  • The average score is 7 of 15

Answer Stats

HintAnswer% Correct
Say hello to my little friend.Scarface
95%
That's my family. That's not me.The Godfather
91%
Just when I thought I was out, they pull me back in.The Godfather part 3
68%
Attica! Attica! Attica!Dog Day Afternoon
64%
Vanity, definitely my favorite sin.The Devil's Advocate
64%
I got a wife...my third, because I spend all my time chasing guys like you around the block. That's my life.Heat
61%
When I introduce you, I'm gonna say, "This is a friend of mine."Donnie Brasco
52%
We’re both part of the same hypocrisy, senator.The Godfather part 2
41%
Out of order? Who the hell do ya' think you're talking to?Scent of a Woman
39%
You just cost me $6,000. Six thousand dollars, and one Cadillac.Glengarry Glen Ross
25%
‘Cause I don’t take money, right?Serpico
25%
The crows are laughin'.Scarecrow
20%
If you poison us, do we not die? and if you wrong us, shall we not revenge?The Merchant of Venice
18%
You're very very young...and you're very very stupid.Any Given Sunday
11%
Oh, the lingering of death. What a business. Keep death alive. Hospitals don't make money otherwise.You Don't Know Jack
9%

Score Distribution

Percentile by Number Answered

Percent of People with Each Score

Your Score History

You have not taken this quiz